Clubs Ligue 1 - Statistiques

Statistiques générales
  • Ce quiz a été pris 72 fois
  • Le résultat moyen est 17 sur 20
Statistiques - réponses
Clubs % Correct
9 Marseille
98%
15 Paris-SG
98%
17 Rennes
94%
8 Lyon
92%
19 Strasbourg
92%
6 Lille
90%
13 Nantes
90%
14 Nice
90%
3 Brest
87%
2 Bordeaux
86%
1 Angers
83%
11 Monaco
81%
12 Montpellier
81%
18 Saint etienne
81%
5 Lens
76%
4 Clermont Foot 63
73%
7 Lorient
73%
16 Reims
73%
20 Troyes
67%
10 Metz
63%
Aucun quiz correspondant
Distribution des résultats
% des personnes avec chaque résultat
Percentile par nombre de réponses
Votre historique - résultats
Vous n’avez pas pris ce quiz